Smith & Wood's Employment Law : (Record no. 619823)

MARC details
000 -LEADER
fixed length control field 00484nam a2200193 a 4500
008 - FIXED-LENGTH DATA ELEMENTS--GENERAL INFORMATION
fixed length control field 260424s2010##################000#0#eng##
020 ## - INTERNATIONAL STANDARD BOOK NUMBER
ISBN 9780199565542
082 04 - DEWEY DECIMAL CLASSIFICATION NUMBER
Classification number 344.9401SMI
100 1# - MAIN ENTRY--AUTHOR NAME
Personal name Smith, Ian,
245 10 - TITLE STATEMENT
Title Smith & Wood's Employment Law :
260 ## - PUBLICATION, DISTRIBUTION, ETC. (IMPRINT)
Name of publisher OUP Oxford,
Year of publication 2010.
300 ## - PHYSICAL DESCRIPTION
Number of Pages 840 pages
650 #0 - SUBJECT ADDED ENTRY--TOPICAL TERM
Topical Term Law.
942 ## - ADDED ENTRY ELEMENTS (KOHA)
Koha item type English Books
Holdings
Withdrawn status Lost status Damaged status Not for loan Home library Current library Date acquired Full call number Accession Number Price effective from Koha item type
        Anna Centenary Library Anna Centenary Library 24.04.2026 344.9401SMI 139777 24.04.2026 English Books

Find us on the map